[Event "St Petersburg Overtime CC"]
[Site "St Petersburg"]
[Date "2014.11.25"]
[Round "1"]
[White "Kuzmin, Egor"]
[Black "Sichinava, Zviad"]
[Result "1-0"]
[WhiteElo "2178"]
[BlackElo "2280"]
[PlyCount "143"]
[EventDate "2014.11.25"]
[EventType "tourn"]
[EventRounds "9"]
[EventCountry "RUS"]
[EventCategory "2"]
[SourceTitle "CBM 163 Extra"]
[Source "ChessBase"]
[SourceDate "2014.12.23"]
[SourceVersion "1"]
[SourceVersionDate "2014.12.23"]
[SourceQuality "1"]

1. c4 Nf6 2. Nc3 c5 3. g3 Nc6 4. Bg2 g6 5. d3 Bg7 6. Nf3 0-0 7. 0-0 d5 8. cxd5 Nxd5 9. Bd2 Nc7 10. Rc1 b6 11. Qa4 Bd7 12. Qh4 Ne6 13. Ng5 Nxg5 14. Bxg5 f6 15. Be3 Rc8 16. a3 Ne5 17. Bd5+ Kh8 18. Be4 f5 19. Bg2 Qe8 20. Bh6 Ng4 21. Bxg7+ Kxg7 22. h3 Nf6 23. e4 fxe4 24. dxe4 e5 25. Qg5 h6 26. Qe3 Be6 27. Rfd1 Bb3 28. Rd2 Rf7 29. Nd5 c4 30. Qc3 Kh7 31. Nxf6+ Rxf6 32. f4 Rf7 33. f5 g5 34. Rd5 Re7 35. f6 Re6 36. Rf1 Rc7 37. Rf5 Rf7 38. Rdxe5 Rfxf6 39. Rxf6 Rxe5 40. Qd4 Qe7 41. Rd6 Ba4 42. Bf3 Rc5 43. Bg4 Bc6 44. Rd8 Qe5 45. Qf2 Qe7 46. Bf5+ Kg7 47. Rc8 Qd6 48. Bg6 Qe7 49. Qd4+ Kxg6 50. Rg8+ Kf7 51. Rg7+ Ke8 52. Rxe7+ Kxe7 53. Qg7+ Kd6 54. Qf6+ Kc7 55. e5 c3 56. bxc3 Rxc3 57. Qd6+ Kb7 58. e6 Re3 59. Kf2 Re4 60. e7 h5 61. Qf6 g4 62. h4 a5 63. Qf7 Ka6 64. Qxh5 Rxe7 65. Qxg4 Rf7+ 66. Ke3 Re7+ 67. Kd2 Re4 68. Qg6 Kb5 69. h5 Rd4+ 70. Ke3 Ra4 71. Qd3+ Kc5 72. h6 1-0

[Event "Chigorin Memorial 22nd"]
[Site "St Petersburg"]
[Date "2014.10.23"]
[Round "6"]
[White "Delemarre, Jop"]
[Black "Kuzmin, Egor"]
[Result "1-0"]
[WhiteElo "2399"]
[BlackElo "2154"]
[PlyCount "65"]
[EventDate "2014.10.18"]
[EventType "swiss"]
[EventRounds "9"]
[EventCountry "RUS"]
[SourceTitle "EXT 2015"]
[Source "ChessBase"]
[SourceDate "2014.11.20"]
[SourceVersion "1"]
[SourceVersionDate "2014.11.20"]
[SourceQuality "1"]

1. d4 Nf6 2. c4 e6 3. Nf3 Bb4+ 4. Nbd2 0-0 5. a3 Bxd2+ 6. Qxd2 d6 7. b3 b6 8. g3 Bb7 9. Bg2 Nbd7 10. 0-0 Qe7 11. Bb2 h6 12. Rfe1 a6 13. Nh4 Bxg2 14. Nxg2 c5 15. dxc5 dxc5 16. Rad1 Rfd8 17. Qe3 Nf8 18. Nf4 Ra7 19. Rxd8 Qxd8 20. b4 Rc7 21. Be5 Rc8 22. Qb3 Ng4 23. Rd1 Qe8 24. Bb2 cxb4 25. axb4 Qc6 26. h3 Nf6 27. Bxf6 gxf6 28. Nh5 Qxc4 29. Qe3 Kh7 30. Nxf6+ Kg7 31. Qe5 Qc3 32. Rd4 Ng6 33. Nh5+ 1-0

[Event "RUS-chT U20"]
[Site "Kolomna"]
[Date "2014.08.09"]
[Round "8"]
[White "Kuzmin, Egor"]
[Black "Reshetnikov, Ruslan"]
[Result "1-0"]
[WhiteElo "2171"]
[BlackElo "2009"]
[PlyCount "99"]
[EventDate "2014.08.02"]
[EventType "swiss"]
[EventRounds "9"]
[EventCountry "RUS"]
[SourceTitle "EXT 2016"]
[Source "ChessBase"]
[SourceDate "2015.10.08"]
[SourceVersion "1"]
[SourceVersionDate "2015.10.08"]
[SourceQuality "1"]

1. g3 Nf6 2. Bg2 d6 3. d4 c6 4. Nc3 Nbd7 5. e4 e5 6. Nge2 Be7 7. 0-0 0-0 8. h3 b5 9. a3 Bb7 10. Be3 a5 11. Qd2 b4 12. Na4 exd4 13. Bxd4 c5 14. Bxf6 Bxf6 15. Qxd6 Ra6 16. Qd3 Qc7 17. Nf4 c4 18. Qe3 Bc6 19. Nd5 Bxd5 20. exd5 Qb7 21. axb4 axb4 22. Nc5 Nxc5 23. Qxc5 Rc8 24. Qe3 Bxb2 25. d6 Qb6 26. d7 Rf8 27. Rxa6 Qxa6 28. Rd1 Bf6 29. Qe8 Qe6 30. Qxe6 fxe6 31. Bf1 Kf7 32. Bxc4 Ke7 33. Bb5 Bc3 34. Kg2 Be5 35. f4 Bc7 36. Rd4 Bd6 37. Rc4 Rd8 38. Rc8 Bb8 39. Kf3 Bd6 40. Ke4 h6 41. g4 Bb8 42. f5 exf5+ 43. gxf5 Bd6 44. Kd5 Bf4 45. Rc4 Bd2 46. Re4+ Kf7 47. Re8 Bg5 48. Ke5 Bf6+ 49. Kd6 Bg5 50. Bc4+ 1-0

[Event "RUS-chT U20"]
[Site "Kolomna"]
[Date "2014.08.08"]
[Round "7"]
[White "Kuzmin, Egor"]
[Black "Lazarev, Vladislav"]
[Result "1-0"]
[WhiteElo "2171"]
[BlackElo "2145"]
[PlyCount "51"]
[EventDate "2014.08.02"]
[EventType "swiss"]
[EventRounds "9"]
[EventCountry "RUS"]
[SourceTitle "EXT 2016"]
[Source "ChessBase"]
[SourceDate "2015.10.08"]
[SourceVersion "1"]
[SourceVersionDate "2015.10.08"]
[SourceQuality "1"]

1. c4 Nf6 2. Nf3 b6 3. d4 e6 4. a3 Bb7 5. Nc3 d5 6. Bg5 Be7 7. Bxf6 Bxf6 8. cxd5 exd5 9. Qa4+ c6 10. g3 0-0 11. Bg2 c5 12. Rd1 Nc6 13. dxc5 Bxc3+ 14. bxc3 bxc5 15. 0-0 Ne7 16. Ne5 Qc8 17. Rb1 Rd8 18. Rfd1 Ba6 19. c4 f6 20. cxd5 Bxe2 21. d6 Nf5 22. Bb7 fxe5 23. Bxc8 Raxc8 24. d7 Rc7 25. Qb3+ Kf8 26. Qb8 1-0